| 000 | 00685nam a2200205 i 4500 | ||
|---|---|---|---|
| 001 | 182014 | ||
| 003 | ES-MaACL | ||
| 005 | 20250707020521.0 | ||
| 008 | 130523q1860 fr a | |||||||| ||fre d | ||
| 100 | 1 |
_aDumas, Alexandre, _d1802-1870 _eaut _9241135 |
|
| 245 | 1 | 3 |
_aLa princesse Flora / _cpar Alexandre Dumas |
| 260 |
_a[S.l. : _bs.n., _cca. 1860] |
||
| 300 |
_a48 páginas : _bilustraciones ; _c30 cm. |
||
| 594 | _aTit. y autor tomados de pag.1 | ||
| 597 | _aTexto a dos col. | ||
| 599 | _aLa il. en pag.1 | ||
| 852 |
_aES-MaACL _cDEPO _eFalto de portada _hLegado Goyeneche _jR-1711(1) _xEnc. en un vol. facticio |
||
| 942 |
_2udc _cMONANT _n0 |
||
| 999 |
_c182014 _d182014 |
||